000 00685cam a2200229 4500500
005 20260329005103.0
041 _afre
042 _adc
100 1 0 _aEnjalbert, Cédric
_eauthor
245 0 0 _a“Le Théâtre des émotions” : émois, émois et moi
260 _c2022.
500 _a2
690 _aEmotions
690 _aExposition
690 _aGeorges Vigarello
690 _aPassions
690 _aReprésentation
690 _aRomantisme
690 _aSentiments
786 0 _nPhilosophie magazine | 159 | 5 | 2022-05-01 | p. 75-76 | 1951-1787
856 4 1 _uhttps://shs.cairn.info/magazine-philosophie-magazine-2022-5-page-75?lang=fr&redirect-ssocas=7080
999 _c1840153
_d1840153